000 00523nam a2200145Ia 4500
008 100122s9999 xx 000 0 und d
082 _b62089
_a920.72
100 _aकीर गिरिजा
245 _aमाझ्या आयुष्याची गोष्ट
260 _bजतिन रांगणेकर
_c2002
300 _a316
630 _aमाझ्या आयुष्याची गोष्ट
730 _aमाझ्या आयुष्याची गोष्ट
942 _cBOOK
999 _c436535
_d436532